Ústavné súdnictvo a legitimita v postmodernej situácii

Legitimita práva. Ústavné súdnictvo. Postmoderná situácia. Stručná charakteristika jednotlivých druhov legitimizačných formúl (LFP).

Na minha lista:
Detalhes bibliográficos
Autor principal: Šurkala, Ján
Formato: Capítulo de Livro
Idioma:eslovaco
Assuntos:
Tags: Adicionar Tag
Sem tags, seja o primeiro a adicionar uma tag!

MARC

LEADER 00000naa a2200000 4500
001 0216249
005 20221019164757.3
041 0 |a slo 
044 |a SK 
245 1 0 |a Ústavné súdnictvo a legitimita v postmodernej situácii  |c Ján Šurkala 
520 |a Legitimita práva. Ústavné súdnictvo. Postmoderná situácia. Stručná charakteristika jednotlivých druhov legitimizačných formúl (LFP). 
610 2 0 |a súdnictvo 
610 2 0 |a ústava 
610 2 0 |a legislatíva 
610 2 0 |a legitimita 
610 2 0 |a poriadok právny 
100 1 |a Šurkala, Ján